Önvezető autó - a társadalomnak tényleg szüksége van rá?

Over the centuries a lot of development has gone through in the automotive industry and the next step is expected to be self-propelled cars, which is no longer just the distant future but means an important change in our present. It is important to clarify the concept of a self-driving car, as peopl...

Teljes leírás

Elmentve itt :
Bibliográfiai részletek
Szerzők: Szikora Péter
Madarász Nikolett
Dokumentumtípus: Cikk
Megjelent: Egyesület Közép-Európa Kutatására Szeged 2018
Sorozat:Taylor : gazdálkodás- és szervezéstudományi folyóirat 10 No. 4
Kulcsszavak:Közlekedés - automatizálás
Tárgyszavak:
Online Access:http://acta.bibl.u-szeged.hu/59243
LEADER 01902nab a2200241 i 4500
001 acta59243
005 20260106125649.0
008 190729s2018 hu o 000 hun d
022 |a 2064-4361 
040 |a SZTE Egyetemi Kiadványok Repozitórium  |b hun 
041 |a hun 
041 |a eng 
100 1 |a Szikora Péter 
245 1 0 |a Önvezető autó - a társadalomnak tényleg szüksége van rá?  |h [elektronikus dokumentum] /  |c  Szikora Péter 
260 |a Egyesület Közép-Európa Kutatására  |b Szeged  |c 2018 
300 |a 102-112 
490 0 |a Taylor : gazdálkodás- és szervezéstudományi folyóirat  |v 10 No. 4 
520 3 |a Over the centuries a lot of development has gone through in the automotive industry and the next step is expected to be self-propelled cars, which is no longer just the distant future but means an important change in our present. It is important to clarify the concept of a self-driving car, as people often use this term for vehicles that do not meet the requirements of these terms and are not completely autonomous. People - in the lack of essential information- have a different attitude towards the issues that are mainly moral, security and technical. Their appearance will require a completely new infrastructure and will raise numerous questions about their response to various accident situations. In our questionnaire we were looking for answers to these questions. It does not take days for us to hear about new developments, inventions, and unfortunately accidents - due to some insufficiency. It might have several positive effects if we are able to develop a nearly accident-free system. 
650 4 |a Társadalomtudományok 
650 4 |a Közgazdasági és gazdálkodástudományok 
695 |a Közlekedés - automatizálás 
700 0 1 |a Madarász Nikolett  |e aut 
856 4 0 |u http://acta.bibl.u-szeged.hu/59243/1/taylor_2018_004_102_112.pdf  |z Dokumentum-elérés